| 000 | 00729nam a2200217 a 4500 | ||
|---|---|---|---|
| 005 | 20240517063649.0 | ||
| 008 | 090513s2005 mx r 000 0 spa d | ||
| 020 | _a9788466745758 | ||
| 035 | _aUPN01000170417 | ||
| 049 | _aI | ||
| 050 | 4 |
_aPZ84.9 _bM3.3 |
|
| 100 | 1 |
_aMachado, Ana María, _d1941- _929089 |
|
| 245 | 1 | 0 |
_aAlgunos miedos / _cAna María Machado ; il. de Agustín Comotto ; tr. de Mario Merlino. |
| 260 |
_aMadrid : _bAnaya, _c2005. |
||
| 300 |
_a66 p. : _bil. col. |
||
| 440 | 0 |
_aSopa de libros ; _v102. _pA partir de 6 años |
|
| 534 |
_pTítulo original: _tAlguns medos e seus segredos |
||
| 650 | 4 |
_aCUENTOS INFANTILES BRASILEÑOS _912222 |
|
| 650 | 4 |
_aMiedo _vLiteratura infantil _912306 |
|
| 905 | _aInfantil | ||
| 999 |
_c142522 _d142522 |
||